| 000 | 00520nam a2200217Ia 4500 | ||
|---|---|---|---|
| 999 |
_c4947 _d4947 |
||
| 003 | 0100 | ||
| 008 | 130227s9999 xx 000 0 und d | ||
| 040 | _cARRUPELIB | ||
| 050 | _aB785.S85A673 | ||
| 100 |
_aArchives de Philosophie _932960 |
||
| 245 | _aSuarez | ||
| 260 |
_bEditions Beauchesne _aParis _c1979 |
||
| 300 | _a178-352p | ||
| 300 | _b 23cm | ||
| 440 |
_aArchives de Philosophie: t.42, n2 1979 _932961 |
||
| 650 |
_aSuarez, Francis _932962 |
||
| 650 |
_aFree will and determinism _932964 |
||
| 700 |
_aRobinet, Andre et al. _932963 |
||
| 942 |
_2lcc _cMONOGRAPH |
||